| 000 | 00526nam a22002057a 4500 | ||
|---|---|---|---|
| 001 | BD-DhSAU 4970 | ||
| 003 | BD-DhSAU | ||
| 005 | 20150309115029.0 | ||
| 008 | 150309b2004 ii a||||r|||| 000 0 eng d | ||
| 020 | _a8176220477 | ||
| 040 | _aBD-DhSAU | ||
| 082 |
_222 _a631.4 _bPLR |
||
| 100 | _aPlyusnin, II | ||
| 245 |
_aReclamative soil science / _cby I I Plyusnin. |
||
| 250 | _a2nd Indian Impression. | ||
| 260 |
_aDelhi : _bBiotech Books, _cc2004. |
||
| 300 |
_a398 p. : _bill. ; _c22 cm. |
||
| 590 | _ajoy | ||
| 650 | _aSoils. | ||
| 942 |
_2ddc _cBOOK |
||
| 999 |
_c4970 _d4970 |
||